<?xml version="1.0" encoding="UTF-8"?>
<record
    xmlns:xsi="http://www.w3.org/2001/XMLSchema-instance"
    xsi:schemaLocation="http://www.loc.gov/MARC21/slim http://www.loc.gov/standards/marcxml/schema/MARC21slim.xsd"
    xmlns="http://www.loc.gov/MARC21/slim">

  <leader>00811nam a2200265 i 4500</leader>
  <controlfield tag="001">15580</controlfield>
  <controlfield tag="003">ES-MaACL</controlfield>
  <controlfield tag="005">20230906151116.0</controlfield>
  <controlfield tag="007">t|</controlfield>
  <controlfield tag="008">000403s1998    sp           ||||0| spa j</controlfield>
  <datafield tag="020" ind1=" " ind2=" ">
    <subfield code="a">84-7738-566-1</subfield>
  </datafield>
  <datafield tag="040" ind1=" " ind2=" ">
    <subfield code="a">M-BN </subfield>
    <subfield code="b">spa </subfield>
    <subfield code="c">M-BN</subfield>
  </datafield>
  <datafield tag="080" ind1=" " ind2=" ">
    <subfield code="a">62/69:1</subfield>
  </datafield>
  <datafield tag="080" ind1=" " ind2=" ">
    <subfield code="a">62/69:316.6</subfield>
  </datafield>
  <datafield tag="100" ind1="1" ind2=" ">
    <subfield code="a">Gonz&#xE1;lez Quir&#xF3;s, Jos&#xE9; Luis.</subfield>
    <subfield code="9">197252</subfield>
  </datafield>
  <datafield tag="245" ind1="1" ind2="3">
    <subfield code="a">El porvenir de la raz&#xF3;n en la era digital / </subfield>
    <subfield code="c">Jos&#xE9; Luis Gonz&#xE1;lez Quir&#xF3;s.</subfield>
  </datafield>
  <datafield tag="260" ind1=" " ind2=" ">
    <subfield code="a">Madrid : </subfield>
    <subfield code="b">S&#xED;ntesis, </subfield>
    <subfield code="c">[1998]</subfield>
  </datafield>
  <datafield tag="300" ind1=" " ind2=" ">
    <subfield code="a">205 p. ; </subfield>
    <subfield code="c">21 cm.</subfield>
  </datafield>
  <datafield tag="490" ind1="1" ind2=" ">
    <subfield code="a">Filosof&#xED;a. Hermeneia ; </subfield>
    <subfield code="v">1</subfield>
  </datafield>
  <datafield tag="650" ind1="1" ind2="4">
    <subfield code="a">Tecnolog&#xED;a-</subfield>
    <subfield code="x">Filosof&#xED;a.</subfield>
    <subfield code="9">17408</subfield>
  </datafield>
  <datafield tag="650" ind1="1" ind2="4">
    <subfield code="a">Tecnolog&#xED;a-</subfield>
    <subfield code="x">Aspectos sociales.</subfield>
    <subfield code="9">17400</subfield>
  </datafield>
  <datafield tag="830" ind1="0" ind2=" ">
    <subfield code="a">Filosof&#xED;a. Hermeneia ; </subfield>
    <subfield code="v">1</subfield>
    <subfield code="9">228588</subfield>
  </datafield>
  <datafield tag="852" ind1=" " ind2=" ">
    <subfield code="a">ES-MaACL</subfield>
    <subfield code="j">L-22723 </subfield>
    <subfield code="b">R.128069</subfield>
  </datafield>
  <datafield tag="999" ind1=" " ind2=" ">
    <subfield code="c">15580</subfield>
    <subfield code="d">15580</subfield>
  </datafield>
  <datafield tag="952" ind1=" " ind2=" ">
    <subfield code="0">0</subfield>
    <subfield code="1">0</subfield>
    <subfield code="4">0</subfield>
    <subfield code="7">0</subfield>
    <subfield code="a">ATENEOM</subfield>
    <subfield code="b">ATENEOM</subfield>
    <subfield code="c">DEPO2</subfield>
    <subfield code="d">2008-01-17</subfield>
    <subfield code="e">SC</subfield>
    <subfield code="l">0</subfield>
    <subfield code="o">L-22723</subfield>
    <subfield code="p">1015839</subfield>
    <subfield code="r">2023-02-23 00:00:00</subfield>
    <subfield code="w">2023-02-23</subfield>
    <subfield code="y">MONOGRAFIA</subfield>
  </datafield>
</record>
